Normal view
MARC view
- Dr. Hammad Mushtaq
Entry Personal Name
001 - CONTROL NUMBER
- control field: 27871
003 - CONTROL NUMBER IDENTIFIER
- control field: NUST
005 - DATE AND TIME OF LATEST TRANSACTION
- control field: 20200122125238.0
008 - FIXED-LENGTH DATA ELEMENTS
- fixed length control field: 200122|| aca||aabn | a|a d
040 ## - CATALOGING SOURCE
- Original cataloging agency: NUST
- Transcribing agency: NUST
100 ## - HEADING--PERSONAL NAME
- Personal name: Dr. Hammad Mushtaq
670 ## - SOURCE DATA FOUND
- Source citation: Work cat.: (NUST): Ahmereen, Aroona 27870, Stylistic Analysis of Pakistan Television Advertisements /, 2019.
